000 00695cam a22002293a 4500
001 10052
003 PGUSA
005 20140828083219.0
008 031101s2003||||xxu|||||s|||||000 1 eng d
040 _aPGUSA
_beng
042 _adc
050 4 _aPR
100 1 _aOliphant,
_cMrs
_q(Margaret),
_d1828-1897
245 1 4 _aThe Open Door, and the Portrait. :
_bStories of the Seen and the Unseen.
_h[electronic resource] /
_cOliphant,
260 _bProject Gutenberg,
_c2003
506 _aPublic domain in the USA.
516 _aElectronic text
653 _aManners and customs -- Fiction
830 0 _aProject Gutenberg
_v10052
856 4 0 _uhttp://www.gutenberg.org/ebooks/10052
942 _cEB
999 _c239307
_d239307